00300nam a2200121Ia 45000030006000000080041000060400015000471000057000622450021001192600009001405460012001490050017001610STCL150530s9999 xx 000 0 und d aSTCLcSTCL aSimone De Beauvoir; Yvonne Moyse; Roger Senhouse; Tr aShe came to stay c1982 aEnglish20220125171156.0